| 000 | 00000nam##2200000za#4500 |
| 001 | 9.614651 |
| 003 | CaOODSP |
| 005 | 20230202144024 |
| 007 | ta |
| 008 | 150406|1999||||xxc||||| f|0| 0 eng|d |
| 020 | |a0-662-27401-6 |
| 040 | |aCaOODSP|beng |
| 043 | |an-cn--- |
| 086 | 1 |aH72-22/8-1998E |
| 110 | 2 |aNational Clearinghouse on Family Violence (Canada). |
| 245 | 10|aFinancial abuse of older adults |
| 260 | |aOttawa - Ontario : |bHealth Canada. |c1999. |
| 300 | |a12p. : |breferences ; |c28 cm. |
| 490 | 1 |aInformation from the National Clearinghouse on Family Violence |
| 563 | |aSoftcover |
| 590 | |a99-22|b1999-06-04 |
| 690 | 07|aElder abuse|2gcpds |
| 775 | 08|tL'exploitation financière des aînés / |w(CaOODSP)9.624935 |
| 776 | 0#|tFinancial abuse of older adults |w(CaOODSP)9.572904 |
| 830 | #0|aInformation from the National Clearinghouse on Family Violence.|w(CaOODSP)9.514740 |